<?xml version="1.0" encoding="UTF-8"?>
<record
    xmlns:xsi="http://www.w3.org/2001/XMLSchema-instance"
    xsi:schemaLocation="http://www.loc.gov/MARC21/slim http://www.loc.gov/standards/marcxml/schema/MARC21slim.xsd"
    xmlns="http://www.loc.gov/MARC21/slim">

  <leader>01276nam a22002057a 4500</leader>
  <datafield tag="952" ind1=" " ind2=" ">
    <subfield code="0">0</subfield>
    <subfield code="1">0</subfield>
    <subfield code="2">lcc</subfield>
    <subfield code="4">0</subfield>
    <subfield code="7">0</subfield>
    <subfield code="a">08</subfield>
    <subfield code="b">08</subfield>
    <subfield code="d">2016-05-17</subfield>
    <subfield code="l">13</subfield>
    <subfield code="m">1</subfield>
    <subfield code="o">LB1027.5 S34 2015</subfield>
    <subfield code="p">08 005865</subfield>
    <subfield code="r">2019-04-09</subfield>
    <subfield code="s">2019-04-09</subfield>
    <subfield code="t">1</subfield>
    <subfield code="w">2016-05-17</subfield>
    <subfield code="y">LB</subfield>
  </datafield>
  <datafield tag="999" ind1=" " ind2=" ">
    <subfield code="c">99703</subfield>
    <subfield code="d">99703</subfield>
  </datafield>
  <controlfield tag="008">160517s2015    mx ||||| |||| 00| 0 spa d</controlfield>
  <datafield tag="020" ind1=" " ind2=" ">
    <subfield code="a">9788436833713</subfield>
  </datafield>
  <datafield tag="050" ind1="1" ind2="4">
    <subfield code="a">LB1027.5</subfield>
    <subfield code="b">S34 2015</subfield>
  </datafield>
  <datafield tag="100" ind1="1" ind2="0">
    <subfield code="a">Santana Vega, Lidia E.</subfield>
    <subfield code="e">autor</subfield>
  </datafield>
  <datafield tag="245" ind1="1" ind2="3">
    <subfield code="a">Orientaci&#xF3;n e intervenci&#xF3;n psicopedag&#xF3;gica</subfield>
    <subfield code="b">: cambian los tiempos, cambian las responsabilidades profesionales</subfield>
    <subfield code="c"> / Lidia E. Santana Vega</subfield>
  </datafield>
  <datafield tag="250" ind1=" " ind2=" ">
    <subfield code="a">2a edici&#xF3;n</subfield>
  </datafield>
  <datafield tag="260" ind1=" " ind2=" ">
    <subfield code="a">M&#xE9;xico</subfield>
    <subfield code="b">: Pir&#xE1;mide</subfield>
    <subfield code="c">, 2015</subfield>
  </datafield>
  <datafield tag="300" ind1=" " ind2=" ">
    <subfield code="a">383 p&#xE1;ginas</subfield>
  </datafield>
  <datafield tag="490" ind1=" " ind2=" ">
    <subfield code="a">Psicolog&#xED;a</subfield>
  </datafield>
  <datafield tag="504" ind1=" " ind2=" ">
    <subfield code="a">Bibliograf&#xED;a (pp.349-358)</subfield>
  </datafield>
  <datafield tag="505" ind1=" " ind2=" ">
    <subfield code="a">Rastreo hist&#xF3;rico, precisiones terminol&#xF3;gicas y delimitaci&#xF3;n conceptual-pr&#xE1;ctica
Perspectivas te&#xF3;ricas y modelos de actuaci&#xF3;n en Orientaci&#xF3;n Educativa
La institucionalizaci&#xF3;n de la orientaci&#xF3;n
Tutor&#xED;a, departamento de orientaci&#xF3;n y equipos de orientaci&#xF3;n educativa y psicopedag&#xF3;gica
Las &#xE1;reas de actuaci&#xF3;n en orientaci&#xF3;n: cambian los tiempos, &#xBF;cambian las responsabilidades profesionales?
Orientaci&#xF3;n y transici&#xF3;n sociolaboral
Formaci&#xF3;n, investigaci&#xF3;n y evaluaci&#xF3;n: tres ejes vertebrados de la pr&#xE1;ctica profesional
</subfield>
  </datafield>
  <datafield tag="519" ind1=" " ind2=" ">
    <subfield code="a">Educaci&#xF3;n Mixta /</subfield>
    <subfield code="b">Psicolog&#xED;a /</subfield>
    <subfield code="c">Psicolog&#xED;a Educativa (P10-3) /</subfield>
    <subfield code="d">(08 005865)</subfield>
  </datafield>
  <datafield tag="650" ind1="1" ind2="0">
    <subfield code="a">EDUCACI&#xD3;N - ORIENTACI&#xD3;N - HISTORIA</subfield>
  </datafield>
  <datafield tag="942" ind1=" " ind2=" ">
    <subfield code="2">lcc</subfield>
    <subfield code="c">LB</subfield>
  </datafield>
</record>
